00524nam a2200157 a 450000100100000000500170001000800410002704000250006808200140009310000280010724500800013526000740021530000270028949000250031683000250034100004144320201002034908.0131004s1984 sp a 000 0 spa d aDO-SdBNPbspacBNPHU axxxbxxxx1 aMartínez, José Luis10aOrigen y desarrollo del libro en hispanoamerica. /cJosé Luis Martínez. aMadrid, España :bFundación Germán Sánchez Ruipérez,c1984. a99 p. :bil. ;c21 cm.1 aBiblioteca del libro 0aBiblioteca del libro